The Sporcle Viewfinder Quiz Stats

 Plays Quiz Updated Feb 7, 2015

Score 0/18 Timer 07:00
24 Plays Today
% Correct
The Eiffel Tower
98.7%
The Statue of Liberty
97.9%
The Taj Mahal
93.9%
Mount Everest
93.8%
The Great Wall of China
89.9%
The Golden Gate Bridge
86.4%
Stonehenge
84.9%
The London Eye
76.6%
The Great Pyramid
71%
% Correct
The Acropolis
70.4%
The Washington Monument
67.6%
Machu Picchu
67.3%
The Colosseum
63.2%
Christ the Redeemer
50.1%
The CN Tower
46.3%
Burj Khalifa
38.7%
Mount Fuji
36.2%
Table Mountain
17.8%

You're not logged in!

Compare scores with friends on all Sporcle quizzes.
OR
Log In

Sporcle TV

Today on Sporcle TV


Watch our educational content, quiz creation guides, and fun videos on Sporcle TV.

Show Comments

Extras

Top Quizzes Today


Score Distribution

Your Account Isn't Verified!

In order to create a playlist on Sporcle, you need to verify the email address you used during registration. Go to your Sporcle Settings to finish the process.

Report this User

Report this user for behavior that violates our Community Guidelines.

Details: